Primenenije mikroprocessov v sistemach upravlenija /
Salvato in:
| Autore principale: | |
|---|---|
| Natura: | Libro |
| Lingua: | russo |
| Pubblicazione: |
Moskva :
Mir,
1984
|
| Tags: |
Nessun Tag, puoi essere il primo ad aggiungerne!!
|
MARC
| LEADER | 00000nam a22000003a 4500 | ||
|---|---|---|---|
| 001 | stu36271 | ||
| 005 | 20150617225726.8 | ||
| 008 | 920601s1984----xxr-----------------rus-d | ||
| 040 | |a STU |b slo | ||
| 041 | 0 | |a rus | |
| 044 | |a xxr | ||
| 080 | |a 681.326-181.4 | ||
| 080 | |a 681.58 | ||
| 100 | 1 | |a Fritzsch, Wolfgang |4 aut | |
| 245 | 1 | |a Primenenije mikroprocessov v sistemach upravlenija / |c [aut.]Wolfgang Fritzsch; Z nem. kol | |
| 260 | |a Moskva : |b Mir, |c 1984 | ||
| 300 | |a 463 s | ||
| 996 | |b 284M062502 |c M*7014-3 |l MMKN |s A |a 24 |w stu36271_0001 | ||